Morceaux choisis, prose et poésie /

Guardado en:
Autor Principal: Valéry, Paul.
Formato: Libro
Publicado: Paris : Gallimard, 1930
Materias:
Etiquetas: Agregar Etiqueta
Sin Etiquetas, Sea el primero en etiquetar este registro!
LEADER 00487nam a22001575a 4500
001 EHU.bham052018
008 240326s1930##################000#0#####d
005 20240326105335.0
245 1 0 |a Morceaux choisis, prose et poésie /  |c Paul Valéry. 
260 |a Paris :  |b Gallimard,  |c 1930 
300 |a 349 p. 
100 1 |a Valéry, Paul. 
082 8 4 |a 848.9 V237-10 
653 |a Miscelánea francesa-1901- 
653 |a Literatura francesa 
859 |a AR-BHAM  |b BIB. HUMANIDADES - General  |h 848.9  |i V237-10  |p 153.24  |t 1